Entry Personal Name
Number of records used in: 1
001 - CONTROL NUMBER
003 - CONTROL NUMBER IDENTIFIER
005 - DATE AND TIME OF LATEST TRANSACTION
- control field:
20231205145426.0
008 - FIXED-LENGTH DATA ELEMENTS
- fixed length control field:
830331n| azannaabn |a aaa
010 ## - LIBRARY OF CONGRESS CONTROL NUMBER
- LC control number:
n 83056301
016 ## - NATIONAL BIBLIOGRAPHIC AGENCY CONTROL NUMBER
- Record control number:
1032D0713E
035 ## - SYSTEM CONTROL NUMBER
- System control number:
(OCoLC)oca00941474
040 ## - CATALOGING SOURCE
- Original cataloging agency:
DLC
- Language of cataloging:
eng
- Description conventions:
rda
- Transcribing agency:
DLC
- Modifying agency:
DLC
- Modifying agency:
CaOONL
042 ## - AUTHENTICATION CODE
046 ## - SPECIAL CODED DATES
- Birth date:
1948
- Source of date scheme:
edtf
100 1# - HEADING--PERSONAL NAME
- Personal name:
Hudson, Pat,
- Dates associated with a name:
1948-
370 ## - ASSOCIATED PLACE
- Associated country:
Great Britain
- Other associated place:
Liverpool (England)
- Other associated place:
Cardiff (Wales)
- Source of term:
naf
372 ## - FIELD OF ACTIVITY
- Field of activity:
History
- Field of activity:
Economic history
- Field of activity:
College teaching
- Source of term:
lcsh
373 ## - ASSOCIATED GROUP
- Associated group:
University of Liverpool
- Associated group:
Cardiff University
- Source of term:
naf
374 ## - OCCUPATION
- Occupation:
College teachers
- Source of term:
lcsh
377 ## - ASSOCIATED LANGUAGE
400 1# - SEE FROM TRACING--PERSONAL NAME
- Control subfield:
nnaa
- Personal name:
Hudson, Patricia
400 1# - SEE FROM TRACING--PERSONAL NAME
- Personal name:
Hudson, Patricia,
- Dates associated with a name:
1948-
400 1# - SEE FROM TRACING--PERSONAL NAME
- Personal name:
Hudson, P.
- Fuller form of name:
(Patricia),
- Dates associated with a name:
1948-
670 ## - SOURCE DATA FOUND
- Source citation:
Her The West Riding wool textile industry, 1975.
670 ## - SOURCE DATA FOUND
- Source citation:
Manufacture in town and country before the factory, 1983:
- Information found:
CIP t.p. (Pat Hudson) pub. info. (Patricia Hudson, b. 11/12/48, Ph. D., lect. in econ. hist., U. of Liverpool)
670 ## - SOURCE DATA FOUND
- Source citation:
Re-inventing the economic history of industrialisation, 2020:
- Information found:
CIP title page (Pat Hudson) LAC CIP application (British)
670 ## - SOURCE DATA FOUND
- Source citation:
Cardiff University website, viewed on November 12, 2019:
- Information found:
Professor Patricia Hudson (emeritus professor, School of History, Archaeology and Religion)
- Uniform Resource Identifier:
https://www.cardiff.ac.uk/people/view/462469-hudson-patricia